Longest Undammed Rivers - Statistics

General Stats
  • This quiz has been taken 17 times
  • The average score is 5 of 12
Answer Stats
Continent Outlet River % Correct
South America Atlantic Amazon
100%
Asia Arctic Lena
76%
Asia Pacific (Strait of Tartary) Amur-Shilka-Onon
65%
North America Arctic MacKenzie-Slave-Athabasca
65%
Asia Aral Sea Amu Darya-Panj
53%
Asia Indian (Andaman Sea) Salween
35%
Oceania Gulf of Papua Fly
24%
North America Pacific Fraser
24%
Asia Bering Sea Anadyr
18%
North America Bering Sea Kuskokwim
18%
Asia Arctic Indigirka
12%
North America Arctic Back
0%
No matching quizzes found
Score Distribution
Percent of People with Each Score
Percentile by Number Answered
Your Score History
You have not taken this quiz